Geometry of the "Pentagonal Résau" and graphic spherodesy. (Record no. 184427)

MARC details
000 -LEADER
campo de control de longitud fija 00546nam a2200145 i 4500
001 - NÚMERO DE CONTROL
campo de control 184427
003 - IDENTIFICADOR DE NÚMERO DE CONTROL
campo de control ES-MaACL
005 - FECHA Y HORA DE LA ÚLTIMA TRANSACCIÓN
campo de control 20230906222207.0
008 - DATOS DE LONGITUD FIJA--INFORMACIÓN GENERAL
campo de control de longitud fija 150825s1876 fr |||| | eng d
245 00 - MENCIÓN DEL TÍTULO
Título Geometry of the "Pentagonal Résau" and graphic spherodesy.
260 ## - PUBLICACIÓN, DISTRIBUCIÓN, ETC.
Lugar de publicación, distribución, etc. [S.l. :
Nombre del editor, distribuidor, etc. s.n.],
Fecha de publicación, distribución, etc. 1876 (
Fabricante Imprimerie Nationale)
300 ## - DESCRIPCIÓN FÍSICA
Extensión 6 p. ;
Dimensiones 24 cm.
594 ## - Nota al título y mención de responsabilidad
Nota al título y mención de responsabilidad Título tomado de principio del texto.
852 ## - LOCALIZACIÓN
Ubicación ES-MaACL
Número de control de estantería T-900-F-15
Nota libre .- Legado de Federico de Botella y de Hornos
-- .- Enc. en un vol. facticio falto de la cub. original
Holdings
Estatus retirado Estado de pérdida Estado de daño No para préstamo Colección Biblioteca de origen Biblioteca actual Ubicación en estantería Fecha de adquisición Fuente de adquisición Total de préstamos Signatura topográfica completa Código de barras Visto por última vez Precio de reemplazo Tipo de ítem Koha
        Colección de folletos Biblioteca del Ateneo de Madrid Biblioteca del Ateneo de Madrid Depósito folletos 25/08/2015     T-900-F-15 1194072 23/02/2023 23/02/2023 Folleto